[Event "Nikaia op 19th"]
[Site "Nikaia"]
[Date "2011.08.27"]
[Round "3"]
[White "Lazaridis Elmaloglou, Lazaros"]
[Black "Maliaros, Stavros"]
[Result "1/2-1/2"]
[WhiteElo "1861"]
[BlackElo "2066"]
[PlyCount "60"]
[EventDate "2011.08.26"]
[EventType "swiss"]
[EventRounds "9"]
[EventCountry "GRE"]
[SourceTitle "CBM 144 Extra"]
[Source "ChessBase"]
[SourceDate "2011.10.28"]
[SourceVersion "1"]
[SourceVersionDate "2011.10.28"]
[SourceQuality "1"]

1. e4 c5 2. Nf3 Nc6 3. Nc3 e6 4. d4 cxd4 5. Nxd4 Nf6 6. Be3 Bb4 7. Bd3 d5 8. f3 dxe4 9. Nxc6 bxc6 10. fxe4 Bxc3+ 11. bxc3 Nxe4 12. Qf3 Nf6 13. 0-0 Qd5 14. Bd4 Qxf3 15. Rxf3 Nh5 16. Raf1 f5 17. g4 Nf6 18. gxf5 0-0 19. fxe6 Bxe6 20. Bxf6 Rxf6 21. Rxf6 gxf6 22. Rxf6 Bxa2 23. Rxc6 Bf7 24. Rc7 Bg6 25. Bc4+ Kf8 26. Bd5 Rd8 27. c4 a5 28. Ra7 Bxc2 29. Rxa5 Ke7 30. Ra6 Rd6 1/2-1/2

[Event "Heraklio op 13th"]
[Site "Heraklion"]
[Date "2009.06.16"]
[Round "4"]
[White "Lazaridis Elmaloglou, Lazaros"]
[Black "Manolaraki, Yvonni"]
[Result "0-1"]
[WhiteElo "1852"]
[BlackElo "2073"]
[PlyCount "92"]
[EventDate "2009.06.13"]
[EventType "swiss"]
[EventRounds "9"]
[EventCountry "GRE"]
[SourceTitle "EXT 2011"]
[Source "ChessBase"]
[SourceDate "2010.11.26"]
[SourceVersion "1"]
[SourceVersionDate "2010.11.26"]
[SourceQuality "1"]
[WhiteTeam "Greece"]
[BlackTeam "Turkey"]
[WhiteTeamCountry "GRE"]
[BlackTeamCountry "TUR"]

1. e4 c5 2. Nf3 d6 3. d4 cxd4 4. Nxd4 Nf6 5. Nc3 g6 6. Be3 Bg7 7. f3 Nc6 8. Qd2 0-0 9. 0-0-0 Nxd4 10. Bxd4 Be6 11. g4 Qa5 12. g5 Nh5 13. Bxg7 Nxg7 14. Kb1 Rfc8 15. Nd5 Qxd2 16. Rxd2 Bxd5 17. Rxd5 Nh5 18. Bh3 Rc7 19. Bg4 Nf4 20. Rd2 Rc5 21. h4 Kg7 22. Re1 b6 23. Re3 f6 24. gxf6+ Kxf6 25. b4 Rc7 26. Rh2 h5 27. Bh3 Nxh3 28. Rxh3 Rac8 29. Re2 Rc4 30. a3 Rd4 31. Kb2 Rd1 32. f4 Rf1 33. e5+ dxe5 34. fxe5+ Ke6 35. Kb3 Rf4 36. Rg2 Rg4 37. Rgh2 Rcc4 38. c3 Rce4 39. Kc2 Rxe5 40. Kd3 Ree4 41. Re3 Rxe3+ 42. Kxe3 Ke5 43. Kd3 Kd5 44. Rh3 e5 45. a4 e4+ 46. Kc2 Kc4 0-1

[Event "World Amateur-ch"]
[Site "Thessaloniki"]
[Date "2009.05.03"]
[Round "9"]
[White "Lazaridis Elmaloglou, Lazaros"]
[Black "Anagnostopoulos, Ioannis"]
[Result "0-1"]
[WhiteElo "1852"]
[BlackElo "1931"]
[PlyCount "74"]
[EventDate "2009.04.27"]
[EventType "swiss"]
[EventRounds "9"]
[EventCountry "GRE"]
[SourceTitle "CBM 130 Extra"]
[Source "ChessBase"]
[SourceDate "2009.07.02"]
[SourceVersion "2"]
[SourceVersionDate "2009.07.15"]
[SourceQuality "1"]

1. e4 g6 2. d4 Bg7 3. c3 d6 4. Bd3 Nd7 5. Nf3 e6 6. 0-0 b6 7. Re1 Ne7 8. Nbd2 Bb7 9. Nf1 h6 10. Ng3 0-0 11. Bd2 e5 12. Qc1 Kh7 13. h4 a6 14. h5 Qe8 15. a4 Ng8 16. a5 b5 17. c4 exd4 18. cxb5 Nc5 19. Qc4 Nxd3 20. Qxd3 Qxb5 21. Qxb5 axb5 22. b4 c5 23. Rac1 c4 24. Bf4 Rad8 25. Red1 d3 26. Be3 Nf6 27. hxg6+ fxg6 28. Nd4 Nxe4 29. Ne6 Nxg3 30. Nxf8+ Rxf8 31. fxg3 Be4 32. Bf4 Bd4+ 33. Kh2 Rf5 34. Kh3 Rf6 35. a6 g5 36. Bd2 Rf2 37. Bc3 Bxg2+ 0-1

[Event "Heraklio op-B 11th"]
[Site "Heraklion"]
[Date "2007.06.14"]
[Round "6"]
[White "Lazaridis Elmaloglou, Lazaros"]
[Black "Patrinos, Ilias"]
[Result "0-1"]
[WhiteElo "1705"]
[BlackElo "1410"]
[PlyCount "42"]
[EventDate "2007.06.09"]
[EventType "swiss"]
[EventRounds "9"]
[EventCountry "GRE"]
[SourceTitle "EXT 2008"]
[Source "ChessBase"]
[SourceDate "2007.11.25"]
[SourceVersion "1"]
[SourceVersionDate "2007.11.25"]
[SourceQuality "1"]

1. e4 a6 2. c4 e6 3. d4 c5 4. d5 exd5 5. exd5 Qe7+ 6. Be2 b5 7. b3 Qe5 8. Nf3 Qxa1 9. Qc2 Qf6 10. Bg5 Qd6 11. Nc3 Nf6 12. 0-0 Be7 13. Re1 0-0 14. Bd3 g6 15. Qd2 Re8 16. cxb5 Bf8 17. Be4 Bb7 18. Re2 Bg7 19. Bd3 Rxe2 20. Qxe2 Nxd5 21. Qe8+ Qf8 0-1